|
|
|
|
| LEADER |
01118nam a22003138a 4500 |
| 001 |
00046092 |
| 005 |
20201203141213.0 |
| 008 |
181029s2018####-vm#################vie|d |
| 020 |
# |
# |
|a 9786045547595
|c 0
|
| 041 |
0 |
# |
|a vie
|
| 082 |
1 |
4 |
|a 394.269 597 31
|b M558GI
|
| 245 |
1 |
0 |
|a Mười giá trị văn hóa tiêu biểu Thăng Long - Hà Nội
|c Nguyễn Viết Chức (ch.b.); Giang Quân, Chu Huy (b.s.)
|b Lễ hội, trò chơi, trò diễn dân gian
|
| 260 |
# |
# |
|a Hà Nội
|b Hà Nội
|c 2019
|
| 300 |
# |
# |
|a 92 tr.
|c 24 cm
|b ảnh
|
| 490 |
# |
# |
|a Tủ sách Thăng Long 1000 năm
|
| 504 |
# |
# |
|a Thư mục: tr.88
|
| 653 |
# |
# |
|a Hà Nội
|
| 653 |
# |
# |
|a Lễ hội
|
| 653 |
# |
# |
|a Văn hóa dân gian
|
| 653 |
# |
# |
|a Việt Nam
|
| 653 |
# |
# |
|a Trò diễn
|
| 653 |
# |
# |
|a Trò chơi
|
| 700 |
# |
# |
|a Nguyễn, Viết Chức
|e Chủ biên
|
| 700 |
# |
# |
|a Giang Huân
|e Biên soạn
|
| 700 |
# |
# |
|a Chu Huy
|e Biên soạn
|
| 852 |
# |
# |
|j KD.0027633
|
| 910 |
# |
# |
|d 03/12/2020
|
| 980 |
# |
# |
|a Trung tâm Học liệu Lê Vũ Hùng, Trường Đại học Đồng Tháp
|